000
00199 a2200097 4500
001
7979
100
_a
Finer, S E
245
_a
The man on horseback
260
_a
_b
Pall Mall
_c
090
_c
6389
_d
6389
942
_a
NUST-CAE
_c
M
_c
32921
999
_c
243052
_d
243052